[Event "SWE-chB"]
[Site "Uppsala"]
[Date "2016.07.23"]
[Round "8"]
[White "Lind, Jan Olov"]
[Black "Thorn, Eric"]
[Result "1/2-1/2"]
[WhiteElo "2223"]
[BlackElo "2324"]
[PlyCount "81"]
[EventDate "2016.07.16"]
[EventType "tourn"]
[EventRounds "9"]
[EventCountry "SWE"]
[EventCategory "3"]
[SourceTitle "CBM 173 Extra"]
[Source "ChessBase"]
[SourceDate "2016.08.29"]
[SourceVersion "1"]
[SourceVersionDate "2016.08.29"]
[SourceQuality "1"]
1. e4 e5 2. Nf3 Nc6 3. d4 exd4 4. c3 d5 5. exd5 Qxd5 6. cxd4 Bg4 7. Be2 Bb4+ 8.
Nc3 Bxf3 9. Bxf3 Qc4 10. Qb3 Qxb3 11. axb3 Nge7 12. Be3 O-O-O 13. O-O a5 14.
Rfd1 f5 15. g3 Rd7 16. d5 Ne5 17. Bg2 Rhd8 18. Bd4 N7g6 19. Re1 Re7 20. f4 Ng4
21. Rxe7 Nxe7 22. h3 Nf6 23. Be5 Nexd5 24. Nxd5 Nxd5 25. Bxg7 Ne3 26. Bc3 Bxc3
27. bxc3 Nxg2 28. Kxg2 Rd2+ 29. Kf3 Rd3+ 30. Kf2 Rxc3 31. Rxa5 c5 32. b4 b6 33.
Rb5 Kc7 34. bxc5 bxc5 35. Rb2 h5 36. Re2 h4 37. gxh4 Rxh3 38. Re5 Kd6 39. Ke2
Rxh4 40. Rxf5 Rh3 41. Re5 1/2-1/2

[Event "SWE-chB"]
[Site "Uppsala"]
[Date "2016.07.23"]
[Round "8"]
[White "Johansson, Jan"]
[Black "Wengholm, Anders"]
[Result "1-0"]
[WhiteElo "2371"]
[BlackElo "2148"]
[PlyCount "123"]
[EventDate "2016.07.16"]
[EventType "tourn"]
[EventRounds "9"]
[EventCountry "SWE"]
[EventCategory "3"]
[SourceTitle "CBM 173 Extra"]
[Source "ChessBase"]
[SourceDate "2016.08.29"]
[SourceVersion "1"]
[SourceVersionDate "2016.08.29"]
[SourceQuality "1"]
1. d4 g6 2. e4 Bg7 3. Nc3 d6 4. f4 Nf6 5. Nf3 O-O 6. Be3 b6 7. e5 Ng4 8. Bg1 c5
9. dxc5 Bb7 10. cxd6 exd6 11. Qxd6 Qxd6 12. exd6 Re8+ 13. Kd2 Bh6 14. Ng5 f6
15. h3 Ne5 16. Be3 Bxg5 17. fxg5 Rd8 18. Re1 Rxd6+ 19. Kc1 Nbd7 20. Nb5 Rc6 21.
gxf6 a6 22. Nd4 Rxf6 23. Bg5 Rf7 24. Rg1 b5 25. Kb1 Rc8 26. b3 Bd5 27. g3 Nf3
28. Nxf3 Bxf3 29. Bg2 Bxg2 30. Rxg2 Kg7 31. Rd2 Rc6 32. Be3 h6 33. Bd4+ Kh7 34.
Re8 g5 35. Rde2 Rd6 36. Bc3 Nf6 37. Rc8 Nd5 38. Bd4 Nb6 39. Rh8+ Kg6 40. Re4
Rfd7 41. Bc3 Nd5 42. Be1 Re7 43. Re8 Rxe4 44. Rxe4 h5 45. c4 Nf6 46. Re5 Nd7
47. Re2 bxc4 48. bxc4 Rc6 49. Bf2 Kf5 50. Rd2 Nf6 51. Rd4 Ne4 52. Be1 Rd6 53.
Rxd6 Nxd6 54. c5 Ne4 55. c6 Ke6 56. Kc2 Kd6 57. Kd3 Nc5+ 58. Kd4 Kxc6 59. Bb4
Nd7 60. Be7 g4 61. h4 a5 62. Ke4 1-0

[Event "SWE-chB"]
[Site "Uppsala"]
[Date "2016.07.21"]
[Round "6"]
[White "Landgren, Andreas"]
[Black "Thorn, Eric"]
[Result "1-0"]
[WhiteElo "2240"]
[BlackElo "2324"]
[PlyCount "53"]
[EventDate "2016.07.16"]
[EventType "tourn"]
[EventRounds "9"]
[EventCountry "SWE"]
[EventCategory "3"]
[SourceTitle "CBM 173 Extra"]
[Source "ChessBase"]
[SourceDate "2016.08.29"]
[SourceVersion "1"]
[SourceVersionDate "2016.08.29"]
[SourceQuality "1"]
1. d4 Nf6 2. c4 e6 3. Nc3 Bb4 4. Qc2 O-O 5. a3 Bxc3+ 6. Qxc3 d5 7. Nf3 dxc4 8.
Qxc4 b6 9. Bg5 Ba6 10. Qa4 Qd7 11. Qc2 c5 12. Bxf6 gxf6 13. Rd1 Rc8 14. dxc5
Qe7 15. e3 Bxf1 16. Kxf1 Qb7 17. h4 Rxc5 18. Rd8+ Kg7 19. h5 f5 20. h6+ Kf6 21.
Qa4 Rc1+ 22. Ne1 Nc6 23. Qh4+ Ke5 24. f4+ Ke4 25. Rd2 Rg8 26. Qh3 Qa6+ 27. Kf2
1-0